Family Law (Record no. 5534)
[ view plain ]
| 000 -LEADER | |
|---|---|
| fixed length control field | 00606nam a22002297a 4500 |
| 003 - CONTROL NUMBER IDENTIFIER | |
| control field | OSt |
| 005 - DATE AND TIME OF LATEST TRANSACTION | |
| control field | 20250424162916.0 |
| 008 - FIXED-LENGTH DATA ELEMENTS--GENERAL INFORMATION | |
| fixed length control field | 250424b |||||||| |||| 00| 0 eng d |
| 020 ## - INTERNATIONAL STANDARD BOOK NUMBER | |
| International Standard Book Number | 9780421669802 |
| 040 ## - CATALOGING SOURCE | |
| Transcribing agency | London |
| 050 ## - LIBRARY OF CONGRESS CALL NUMBER | |
| Classification number | KD750 |
| Item number | .C7 2000 |
| 100 ## - MAIN ENTRY--PERSONAL NAME | |
| Personal name | Cretney, Stephen M. |
| 245 ## - TITLE STATEMENT | |
| Title | Family Law |
| Remainder of title | Stephen M. Cretney |
| 250 ## - EDITION STATEMENT | |
| Edition statement | 4th ed : |
| 260 ## - PUBLICATION, DISTRIBUTION, ETC. | |
| Place of publication, distribution, etc. | London : |
| Name of publisher, distributor, etc. | Sweet & Maxwell |
| Date of publication, distribution, etc. | c2000 |
| 300 ## - PHYSICAL DESCRIPTION | |
| Extent | xlix, 373pp : |
| Dimensions | 24cm |
| 490 ## - SERIES STATEMENT | |
| Materials specified | Family Law |
| 500 ## - GENERAL NOTE | |
| General note | Includes Table of cases, Table of Statutes, index |
| 600 ## - SUBJECT ADDED ENTRY--PERSONAL NAME | |
| Source of heading or term | Family Law |
| 856 ## - ELECTRONIC LOCATION AND ACCESS | |
| Materials specified | Family Law |
| 942 ## - ADDED ENTRY ELEMENTS (KOHA) | |
| Source of classification or shelving scheme | Library of Congress Classification |
| Koha item type | Books |
| Suppress in OPAC | No |
| Withdrawn status | Lost status | Source of classification or shelving scheme | Damaged status | Not for loan | Collection | Home library | Current library | Shelving location | Date acquired | Total checkouts | Full call number | Barcode | Date last seen | Copy number | Price effective from | Koha item type |
|---|---|---|---|---|---|---|---|---|---|---|---|---|---|---|---|---|
| Library of Congress Classification | Non-fiction | Law Library (Christ Temple) | Law Library (Christ Temple) | General stacks | 04/24/2025 | KD750.C7 CRE | LLCT00000608 | 04/24/2025 | 1 | 04/24/2025 | Books |